header

A Byzantine encyclopaedia of horse medicine (Record no. 114134)

MARC details
000 -LEADER
fixed length control field 01610nam a2200385 a 4500
082 04 - DEWEY DECIMAL CLASSIFICATION NUMBER
Classification number 636.1/089
100 1# - MAIN ENTRY--AUTHOR NAME
Personal name McCabe, Anne Elena.
245 12 - TITLE STATEMENT
Title A Byzantine encyclopaedia of horse medicine
260 ## - PUBLICATION, DISTRIBUTION, ETC. (IMPRINT)
Place of publication Oxford ;
-- New York :
Name of publisher Oxford University Press,
Year of publication 2007.
300 ## - PHYSICAL DESCRIPTION
Number of Pages xii, 347 p., [24] p. of plates :
Other physical details col. ill.
490 1# - SERIES STATEMENT
Series statement Oxford studies in Byzantium
650 #0 - SUBJECT ADDED ENTRY--TOPICAL TERM
Topical Term Horses
Topical Term Veterinary medicine
Topical Term Veterinary medicine
Topical Term Medicine, Greek and Roman.
856 40 - ELECTRONIC LOCATION AND ACCESS
Uniform Resource Identifier http://site.ebrary.com/lib/rucke/Doc?id=10194777

No items available.

© 2026 Rongo University
Contact us: librarian | system librarian | Rongo university